La encrucijada filosófica del presente /

Enregistré dans:
Détails bibliographiques
Auteur principal: Market, Oswaldo (autor)
Format: Livre
Langue:espagnol
Publié: Madrid, España : Ateneo de Madrid, 1957
Collection:(O Crece o Muere ; 107)
Sujets:
Tags: Ajouter un tag
Pas de tags, Soyez le premier à ajouter un tag!

MARC

LEADER 00000nam^a2200000^a^4500
001 000005958
005 20250521000000.0
009 20260310083406.641
037 |a Acervo ITESO - Biblioteca 
041 |a ESP 
082 |a 196.  |b MAR 
100 |a Market, Oswaldo  |e (autor) 
245 1 3 |a La encrucijada filosófica del presente /  |c O. Market. 
264 1 |a Madrid, España :  |b Ateneo de Madrid,  |c 1957 
300 |a 59 p. 
336 |a texto  |b txt  |2 rdacontenido 
337 |a sin mediación  |b n  |2 rdamedio 
338 |a volumen  |b nc  |2 rdasoporte 
440 1 |a (O Crece o Muere ;  |v 107) 
649 |a XX 
650 |a Filosofía 
910 |a Fondo General 
920 |a Impresos - Libros 
930 |a Colección General 
905 |a 101 
901 |a 0059580100  |b IT1  |c ACC  |i 005958  |u 20250521 
902 |a https://opac.biblio.iteso.mx/vufind/Record/000005958